=LDR 00000nam 2200000 4500 =001 INLIS000000000033536 =005 20130612135502 =008 ***********************************ind** =035 ##$$0010-061300000033536 =041 ##$$a ind =082 ##$$a 333.3 =090 ##$$a 333.3, Ali a =100 ##$$a ALIF, M Rizal =245 ##$$a Analisis Kepemi;likan Hak Atas Tanah Satuan Rumah Susun di Dalam Kerangka Benda / M.Rizal Alif =260 ##$$a 2009 $b Bandung =300 ##$$a 238 hlm, 19 cm =650 ##$$a Tanah Pemilikan =850 ##$$a NBPNMAT